Teorie regionálního rozvoje nástin, kritika, implikace
Na minha lista:
| Autor principal: | |
|---|---|
| Outros Autores: | |
| Formato: | Livro |
| Idioma: | tcheco |
| Publicado em: |
Praha
Nakladatelství Karolinum
2020
|
| Edição: | 3. přepracované a doplněné vydání |
| Assuntos: | |
| Tags: |
Sem tags, seja o primeiro a adicionar uma tag!
|
MARC
| LEADER | 00000nam a2200000 4500 | ||
|---|---|---|---|
| 001 | 0278630 | ||
| 005 | 20230118125002.7 | ||
| 020 | |a 978-80-246-4566-7 | ||
| 041 | 0 | |a cze | |
| 044 | |a CZ | ||
| 245 | 1 | 0 | |a Teorie regionálního rozvoje |b nástin, kritika, implikace |c Jiří Blažek, David Uhlíř |
| 250 | |a 3. přepracované a doplněné vydání | ||
| 264 | 1 | |a Praha |b Nakladatelství Karolinum |c 2020 | |
| 300 | |a 363 s. | ||
| 610 | 2 | 0 | |a rozvoj regionálny |
| 610 | 2 | 0 | |a teórie ekonomické |
| 610 | 2 | 0 | |a teórie rozvoja regionálneho |
| 610 | 2 | 0 | |a politika regionálna |
| 610 | 2 | 0 | |a ekonomika znalostná |
| 100 | 1 | |a Blažek, Jiří | |
| 700 | 1 | |a Uhlíř, David | |